00436nam a2200133 i 4500001000300000100002500003245007900028260002100107700001900128040000800147041000800155008004100163856009800204bg1 aSZCZEPAŃSKI, Jerzy 0aPentaconta :bzagadnienia systemowe /cJerzy Szczepański, Jerzy Miernik. aWarszawa,c1977.1 aMIERNIK, Jerzy cBPK apol s pl f |000 0 pol  uhttp://koha.tu.koszalin.pl/cgi-bin/koha/opac-detail.pl?biblionumber=27606yKatalog online BPK